000 00873nab a2200265 u 4500
001 20824
003 HDC
007 cr bn ---aaaaa
008 210306c20101109xx dr|noo 0 a eng d
040 _aHDC
100 _aAshfak Bokhari
_eauthor
_911150
245 0 _aUK: Halal products: bid to go mainstream / by
_cAshfak Bokhari
260 _a[No place] :
_b[publisher not identified],
_c2010
300 _a1 online resource
336 _atext
_2rdacontent
337 _acomputer
_2rdamedia
338 _aonline resource
_2rdacarrier
650 _ahalal industry
_9144
650 _aHalal products
_9642
710 _aHalal Focus
856 _zRequest full-text at [email protected]
942 _2lcc
942 _cNEWS
942 _kNWSO 006455
999 _c18140
_d18140